| 000 | 03083cam a2200397 i 4500 | ||
|---|---|---|---|
| 999 |
_c27253 _d27253 |
||
| 006 | m o d | ||
| 007 | cr bn||||||abp | ||
| 007 | cr bn||||||ada | ||
| 008 | 100406s1964 enka o 000 0 eng d | ||
| 020 |
_a9781483199979 _q(electronic bk.) |
||
| 020 |
_a1483199975 _q(electronic bk.) |
||
| 020 | _a1483225003 | ||
| 020 | _a9781483225005 | ||
| 040 |
_aOCLCE _beng _epn |
||
| 042 | _adlr | ||
| 082 | 0 | 4 | _a623.854 |
| 100 | 1 | _aBennett, Alfred John Stevens. | |
| 245 | 1 | 0 |
_aShip fire prevention / _cA.J.S. Bennett. |
| 260 |
_aOxford : _bPergamon Press ; _aNew York : _bMacmillan, _c1964. |
||
| 300 |
_a1 online resource (xvii, 157 pages) : _billustrations (some color) |
||
| 490 | 1 |
_aThe Commonwealth and international library of science, technology, engineering, and liberal studies : Marine engineering division ; _vv. 1 |
|
| 505 | 0 | _aFront Cover; Ship Fire Prevention; Copyright Page; Table of Contents; ACKNOWLEDGEMENTS; UNITS; PREFACE; INTRODUCTION; PART ONE:MATERIALS AND METHODS; CHAPTER 1. DETAILS OF FIRE-FIGHTING EQUIPMENT; A. GENERAL; B. FIRST AID EXTINGUISHERS; C. MAJOR EQUIPMENT; D. BREATHING APPARATUS AND PROTECTIVE CLOTHING; CHAPTER 2. FIRE PUMPS; DUAL PURPOSE AND SINGLE PURPOSE PUMPS; TYPES OF FIRE PUMPS; PRINCIPLES OF THE CENTRIFUGAL PUMP; ESTIMATION OF HEAD; TYPES OF PRIMING DEVICE; NON SELF-PRIMING PUMPS; SUBMERSIBLE PUMPS; THE WORTHINGTON SIMPSON EMERGENCY SUBMERSIBLE FIRE AND BILGE PUMP | |
| 505 | 8 | _aGAS TURBINE DRIVEN EMERGENCY PUMPSCHAPTER 3. THE EFFECT OF FREE WATER ON SHIP STABILITY; EFFECT ON METACENTRIC HEIGHT; LARGE ANGLES OF HEEL; PRACTICAL CONSIDERATIONS; TRIM; 4. EXTRACTS FROM RULES AND REGULATIONS; PASSENGER SHIPS; ELECTRICAL RULES; AMERICAN RULES; PART TWO:ENGINEERING ASPECTS; 5. ANTI-FIRE DATA FOR FUELS; SPONTANEOUS COMBUSTION; MEASUREMENTS RELATING TO FIRE RISK; FLAMMABILITY; CHAPTER6. PROTECTION OF STEAM RAISING PLANT; FIRES IN BOILER ROOMS; FIRES IN GAS HEAT EXCHANGERS; CHAPTER 7. PREVENTION OF EXPLOSIONS; STATIC ELECTRICITY; CRANKCASE FIRE RISK; PROTECTION IN TANKERS | |
| 505 | 8 | _aLIQUID GAS CARRIERSCHAPTER 8. SHIPS IN PORT; FIRE BRIGADES; SPECIFIC CASES OF FIRES; CONCLUSION; QUESTIONS; ANSWERS TO QUESTIONS; INDEX | |
| 506 |
_3Use copy _fRestrictions unspecified _2star _5MiAaHDL |
||
| 533 |
_aElectronic reproduction. _b[Place of publication not identified] : _cHathiTrust Digital Library, _d2010. |
||
| 546 | _aEnglish. | ||
| 583 | 1 |
_adigitized _c2010 _hHathiTrust Digital Library _lcommitted to preserve _2pda _5MiAaHDL |
|
| 650 | 0 |
_aShips _xFires and fire prevention. |
|
| 650 | 6 |
_aNavires _xIncendies et pr�evention des incendies. |
|
| 650 | 7 |
_aShips _xFires and fire prevention. _2fast |
|
| 776 | 0 | 8 |
_iPrint version: _aBennett, Alfred John Stevens. _tShip fire prevention. _dOxford : Pergamon Press ; New York : Macmillan, 1964 _w(DLC) 63022497 _w(OCoLC)2937589 |
| 830 | 0 |
_aCommonwealth and international library of science, technology, engineering, and liberal studies : Marine engineering division ; _vv. 1. |
|
| 856 | 4 | 0 | _uhttps://www.sciencedirect.com/science/book/9781483199979 |
| 942 | _cEBK | ||